000 00707nam a22002057a 4500
999 _c20811
_d20811
003 AR-CdUCM
008 190606b ||||| |||| 00| 0 spa d
040 _aMUNICIPALIDAD PROVINCIAL DEL CUSCO
_cBIBLIOTECA MUNICIPAL DEL CUSCO
082 _a848 .78 /
_bH88
100 _aHugo, Victor
_911073
245 _aLiteratura - Filosofia :
_bDios Guillermo Shakespeare el papa /
260 _aMéxico:
_bMaucci Hermanos.
300 _a364 páginas;
_bIlustraciones,
_c22 cm.
505 _aContenido: Ascensión en las tinieblas -- El Búho -- El Cuervo...
650 _aLiteratura
_983
650 _aFilosofia
_9395
700 _aMaucci, Cárlos (traductor)
_943477
942 _2ddc
_cLIBROS
945 _aJavier